000 00483nam a2200205Ia 4500
005 20250425162652.0
008 250425s9999 xx 000 0 und d
041 _apor
043 _abl
082 _a639.543
100 _aINFANTE CAICEDO, MARCIO
245 0 _aCAMARAO GIGANTE DA MALASIA UM BOM NEGOCIO
250 _aS.E
260 _aBrasil
_bLIVRARIA NOBEL S.A.
_c1986
260 _aSAO PAULO
300 _a120
650 _aCAMARONES
942 _c01
010 _a95379
999 _c234003
_d234003